01614nam a2200349Ia 4500001001200000003000800012006001900020007001500039008004100054010001700095020001500112020001800127040002100145035002100166050002400187100005900211245016100270260005500431300002900486500013800515504005300653533015200706600007600858650005200934650004100986651002601027655002901053700002201082710001701104856012601121999001701247ebr10408796CaPaEBRm u cr cn|||||||||991119s2001 aluab sb s001 0 eng d z 99050751  z0817310193 z9780817384999 aCaPaEBRcCaPaEBR a(OCoLC)68062075714aE78.A28bM68 2001eb1 aMoore, Clarence B.q(Clarence Bloomfield),d1852-1936.14aThe Southern and Central Alabama expeditions of Clarence Bloomfield Mooreh[electronic resource] /cedited and with an introduction by Craig T. Sheldon, Jr. aTuscaloosa :bUniversity of Alabama Press,cc2001. ax, 320 p. :bill., maps. a"The works by Clarence B. Moore reproduced in this volume were published originally in 1899, 1901, 1903, 1904, 1905, 1907, and 1918." aIncludes bibliographical references and indexes. aElectronic reproduction.bPalo Alto, Calif. :cebrary,d2010.nAvailable via World Wide Web.nAccess may be limited to ebrary affiliated libraries.10aMoore, Clarence B.q(Clarence Bloomfield),d1852-1936xTravelzAlabama. 0aIndians of North AmericazAlabamaxAntiquities. 0aArchaeological expeditionszAlabama. 0aAlabamaxAntiquities. 7aElectronic books.2local1 aSheldon, Craig T.2 aebrary, Inc.40uhttp://site.ebrary.com/lib/rucke/Doc?id=10408796zAn electronic book accessible through the World Wide Web; click to view c79854d79854